000 002410000a22000970004500
100 1 _aReyes, Napoleón
245 1 0 _aApuntes para pastoral campesina
300 _aNúm 6 (1995), Páginas 79-93
773 0 _tMision evangélica hoy
942 _cANA
999 _c51877
_d51877